| 000 | 00491nam a22001577a 4500 | ||
|---|---|---|---|
| 003 | macl | ||
| 005 | 20210923165510.0 | ||
| 008 | 210923b |||||||| |||| 00| 0 eng d | ||
| 040 | _cmacl | ||
| 082 | _a891.433/SHA/S | ||
| 100 | _aशर्मा पाण्डेय बेचन | ||
| 245 | _aउग्र का कथा संसार | ||
| 260 |
_aदिल्ली _bअभिलेख प्रकाशन _c2019 |
||
| 650 | _aकहानियॉ | ||
| 942 |
_2ddc _cHIN |
||
| 999 |
_c64386 _d64386 |
||